Los 100 mejores alimentos para la menopausia : (Registro nro. 83144)
[ vista simple ]
| 000 -CABECERA | |
|---|---|
| Longitud fija campo de control | 01058nam a22002657a 4500 |
| 003 - IDENTIFICADOR DEL NÚMERO DE CONTROL | |
| Identificador del número de control | EC-CCE-MANABÍ |
| 005 - FECHA Y HORA DE LA ÚLTIMA TRANSACCIÓN | |
| Fecha y hora de la última transacción | 20250929145426.0 |
| 008 - DATOS DE LONGITUD FIJA--INFORMACIÓN GENERAL | |
| Códigos de información de longitud fija | 250929e2012 o|||gr|||| 001 0 spa d |
| 020 ## - NÚMERO INTERNACIONAL ESTÁNDAR DEL LIBRO | |
| Número Internacional Normalizado para Libros (ISBN) | 978-1-4454-7655-1 |
| 040 ## - FUENTE DE LA CATALOGACIÓN | |
| Centro catalogador de origen | EC-CCE-MANABÍ |
| 041 ## - CÓDIGO DE LENGUA | |
| Código de lengua del texto;banda sonora o título independiente | spa |
| 082 ## - NÚMERO DE LA CLASIFICACIÓN DECIMAL DEWEY | |
| Número de la edición | Primera edición : |
| Número de clasificación | 641.3 |
| Número de documento | W7411 |
| 100 1# - ENTRADA PRINCIPAL--NOMBRE DE PERSONA | |
| Nombre de persona | Wills, Judith, |
| Fechas asociadas con el nombre | 1949- |
| 9 (RLIN) | 43842 |
| 245 ## - MENCIÓN DE TÍTULO | |
| Título | Los 100 mejores alimentos para la menopausia : |
| Parte restante del título | los alimentos maás saludables para combatir los síntomas de manera natural,con 100 deliciosas recetas |
| Mención de responsabilidad, etc. | Judith Wills |
| 250 ## - MENCIÓN DE EDICIÓN | |
| Mención de edición | Primera edición |
| 260 ## - PUBLICACIÓN, DISTRIBUCIÓN, ETC. (PIE DE IMPRENTA) | |
| Lugar de publicación, distribución, etc. | Barcelona : |
| Nombre del editor, distribuidor, etc. | Parragon Books Ltd : |
| Fecha de publicación, distribución, etc. | 2012 |
| 300 ## - DESCRIPCIÓN FÍSICA | |
| Extensión | 224 páginas : |
| Otros detalles físicos | fotografías : |
| Dimensiones | 20 cm. |
| 336 ## - TIPO DE CONTENIDO | |
| Content type term | texto |
| Content type code | txt |
| 337 ## - TIPO DE MEDIO | |
| Media type term | no mediado |
| Media type code | n |
| 338 ## - TIPO DE PORTADOR | |
| Carrier type term | volumen |
| Carrier type code | nc |
| 505 ## - NOTA DE CONTENIDO CON FORMATO | |
| Nota de contenido con formato preestablecido | ÍNDICE -- Introducción -- Frutas -- Verdura y hortalizas -- Carne,pescado y lácteos --Cereales y legumbres --Hierbas,especias y otros -- Frutos secos, semillas y aceites --Glosario --índice analítico. |
| 590 ## - NOTA LOCAL (RLIN) | |
| Nota local | bvp. |
| 650 #4 - PUNTO DE ACCESO ADICIONAL DE MATERIA--TÉRMINO DE MATERIA | |
| Nombre de materia o nombre geográfico como elemento de entrada | Gastronomía |
| 9 (RLIN) | 12964 |
| 942 ## - ELEMENTOS DE PUNTO DE ACCESO ADICIONAL (KOHA) | |
| Fuente de clasificaión o esquema | Dewey Decimal Classification |
| Koha [por defecto] tipo de item | Monografía |
| Suprimido | Perdido | Fuente de clasificación o esquema | Estropeado | Restricciones de uso | No se presta | Koha Colección | Localización (Biblioteca) | Localización actual | Localización en estanterías | Fecha adquisición | Fuente de adquisición | Préstamos totales | Clasificación completa | Designación de pieza (código de barras) | Fecha última consulta | Número de ejemplar | Fecha del precio de reemplazo | Tipo de item de Koha |
|---|---|---|---|---|---|---|---|---|---|---|---|---|---|---|---|---|---|---|
| Disponible | Dewey Decimal Classification | Sin daños | Sin restricciones de uso | Disponible para préstamo | CIENCIAS PURAS y APLICADA | Biblioteca CCE - Manabí | Biblioteca CCE - Manabí | CIENCIAS PURAS y APLICADAS | 09/12/2022 | DONADO | 641.3 W7411 | CCE-MAN25092546 | 29/09/2025 | Ej. 1 | 29/09/2025 | Monografía |























